000
00207nam a2200097Ia 4500
008
230508s1989 xx 000 0 und d
041
_a
eng
100
_a
JOSHI A. M.
245
_a
COMPU MATHS
260
_c
1989
999
_c
329473
_d
329473